| 000 | 00434cam a2200169 a 4500 | ||
|---|---|---|---|
| 020 | _a0070455554 : | ||
| 040 | _cDLC | ||
| 082 | 0 | 0 | _a331 HIL 1992 A075 Or. |
| 100 | 1 | _aMcConnell, Campbell R. | |
| 245 | 1 | 0 | _aContemporary labor economics / |
| 250 | _a3rd ed. | ||
| 260 |
_aNew York : _bMcGraw-Hill, _cc1992. |
||
| 300 |
_axxxi, 660 p. : _bill. ; _c25 cm. |
||
| 650 | 0 | _aLabor economics. | |
| 700 | 1 | _aBrue, Stanley L., | |
| 942 | _cEK | ||
| 999 |
_c15309 _d15309 |
||